| 000 | 00780nam 22002173 4500 | ||
|---|---|---|---|
| 001 | 199804 | ||
| 010 | _a972-689-118-3 | ||
| 021 |
_aPT _b112866/97 |
||
| 090 | _a199804 | ||
| 100 | _a20260109d u||y0pory50 ba | ||
| 200 |
_aA estatística a decifrar o mundo _eactas do IV Congresso Anual da Sociedade Portuguesa de Estatística _geditado Rita Vasconcelos... [et al.] |
||
| 210 |
_aLisboa _cSalamandra _dD.L. 1997 |
||
| 215 |
_a429 p. _cbrochado _d23 cm |
||
| 225 |
_aNovas tecnologias. Estatística _h6 |
||
| 300 | _aIV Congresso Anual da Sociedade Portuguesa de Estatística realizado no Funchal de 9 a 15 de junjo de 1996 | ||
| 606 |
_91432 _aMatemática |
||
| 675 |
_a51 _vPT _zpor |
||
| 701 |
_915622 _aVasconcelos _bRita |
||
| 801 |
_aPT _bBMMN _gRPC |
||
| 830 | _cVanda | ||
| 990 | _cLIVROS | ||